EC Bahia Squad 2025 - Statistics

General Stats
  • This quiz has been taken 24 times
  • The average score is 20 of 28
Answer Stats
# Position Nation Player % Correct
10 MF Brazil Everton Ribeiro
95%
6 MF Brazil Jean Lucas
90%
9 FW Uruguay Luciano Rodríguez
90%
13 DF Colombia Santiago Arias
90%
- Coach Brazil Rogério Ceni
85%
7 FW Brazil Ademir
80%
19 MF Brazil Caio Alexandre
80%
8 MF Brazil Cauly
80%
1 GK Brazil Danilo Fernandes
80%
22 GK Brazil Marcos Felipe
80%
26 MF Uruguay Nicolás Acevedo
80%
4 DF Brazil Kanu
75%
46 DF Brazil Luciano Juba
75%
21 DF Argentina Santiago Ramos Mingo
75%
12 FW Brazil Willian José
75%
16 FW Brazil Erick Pulga
70%
3 DF Brazil Gabriel Xavier
70%
2 DF Brazil Gilberto
70%
15 FW Uruguay Michel Araújo
70%
11 MF Brazil Rodrigo Nestor
70%
96 GK Brazil Ronaldo
65%
33 DF Brazil David Duarte
60%
25 DF Brazil Iago
60%
37 FW Brazil Kayky
55%
14 MF Brazil Erick
50%
5 MF Brazil Rezende
45%
77 FW Brazil Tiago
45%
43 GK Brazil Gabriel Souza
20%
No matching quizzes found
Score Distribution
Percent of People with Each Score
Percentile by Number Answered
Your Score History
You have not taken this quiz